书目信息 |
| 题名: |
景观设计师便携手册
|
|
| 作者: | 丹尼斯 著 ;俞孔坚 译 | |
| 分册: | ||
| 出版信息: | 北京 中国建筑工业出版社 2002.10 |
|
| 页数: | 481页 | |
| 开本: | 20cm | |
| 丛书名: | ||
| 单 册: | ||
| 中图分类: | TU986.2-62 | |
| 科图分类: | ||
| 主题词: | 园林--规划 , 公园--绿化规划 | |
| 电子资源: | ||
| ISBN: | 7-112-04990-3 | |
| 000 | 00685nam0 2200217 45 | |
| 001 | 0261032717 | |
| 005 | 2002101816571271 | |
| 010 | @a7-112-04990-3@dRMB 37.00 | |
| 100 | @a20021018d2002 km y0chiy0120 ea | |
| 101 | 0 | @achi |
| 102 | @aCN@b110000 | |
| 200 | 1 | @a景观设计师便携手册@Ajing guan she ji shi bian xie shou ce@f(美)丹尼斯等著;俞孔坚等译@F(Mei)Dan Ni Si Deng Zhu;Yu Kong Jian Deng Yi |
| 210 | @a北京@c中国建筑工业出版社@d2002.10 | |
| 215 | @a481页@d20cm | |
| 606 | 0 | @a园林@x规划 |
| 606 | 0 | @a公园@x绿化规划 |
| 690 | @aTU986.2-62@v3 | |
| 701 | 0 | @a丹尼斯@ADan Ni Si@4著 |
| 702 | 0 | @a俞孔坚@AYu Kong Jian@4译 |
| 801 | 0 | @aCN@bPFT@c20021018 |
| 905 | @a10447@dTU986.2-62@eD155 | |
| 景观设计师便携手册/(美)丹尼斯等著;俞孔坚等译.-北京:中国建筑工业出版社,2002.10 |
| 481页;20cm |
| ISBN 7-112-04990-3:RMB 37.00 |
| ● |
| 相关链接 |
|
|
|
正题名:景观设计师便携手册
索取号:TU986.2-62/D155
 
预约/预借
| 序号 | 登录号 | 条形码 | 馆藏地/架位号 | 状态 | 备注 |
| 1 | 369632 | 203696321 | 建筑库201/201建筑库 113排1列1层/ [索取号:TU986.2-62/D155] | 在馆 | |
| 2 | 369633 | 203696330 | 建筑库201/201建筑库 113排1列1层/ [索取号:TU986.2-62/D155] | 在馆 | |
| 3 | 369634 | 203696349 | 建筑库201/201建筑库 113排1列1层/ [索取号:TU986.2-62/D155] | 在馆 |